000 01087nam a2200301 i 4500
001 bg
100 1 _aBoychuk, Volodymyr.
245 1 0 _aProcesy termomechaniczne w przewodnikach niemetalowych przy oddziaływaniu pola elektromagnetycznego /
_cVolodymyr Boychuk.
260 _aOpole :
_bOficyna Wydawnicza Politechniki Opolskiej,
_c2008.
300 _a133 s. :
_bil. ;
_c24 cm.
490 1 _aStudia i Monografie / Politechnika Opolska,
_x1429-6063 ;
_vz. 219
504 _aBibliogr. s. 123-131.
546 _aStreszcz. ang.
650 9 _aAlgorytmy
_xstosowanie
_xfizyka
650 9 _aAnaliza numeryczna
_xstosowanie
_xfizyka
650 9 _aMateriały niemetalowe
_xfizyka
650 9 _aPole elektromagnetyczne
_xstosowanie
650 9 _aPrzewodnictwo cieplne
650 9 _aPrzewodnictwo elektryczne
830 0 _aStudia i Monografie - Politechnika Opolska
_vz. 219
015 _aPB 18764/2008
040 _cBPK
041 0 _apol
_beng
044 _aPOL
080 _a538.9:536.2:537.3:537.8:621.315.5:519.87:510.5
942 _cKS
008 080513s2008 pl a |000 0 pol
999 _c55345
_d55345
856 _uhttp://koha.tu.koszalin.pl/cgi-bin/koha/opac-detail.pl?biblionumber=55345
_yKatalog online BPK